00243nam a2200097Ia 4500008004100000041001200041100001600053245006400069260000600133650000600139221030s9999 xx 000 0 und d aEnglish aY. N. Singh 0aMathematical Foundation of Computer sciencecby Y. N. Singh c0 aB